Normal view
MARC view
- Dr. Faheem Qaiser Jamil
Entry Personal Name
001 - CONTROL NUMBER
- control field: 34791
003 - CONTROL NUMBER IDENTIFIER
- control field: NUST
005 - DATE AND TIME OF LATEST TRANSACTION
- control field: 20201102100011.0
008 - FIXED-LENGTH DATA ELEMENTS
- fixed length control field: 201102|| aca||aabn | a|a d
040 ## - CATALOGING SOURCE
- Original cataloging agency: NUST
- Transcribing agency: NUST
100 ## - HEADING--PERSONAL NAME
- Personal name: Dr. Faheem Qaiser Jamil
670 ## - SOURCE DATA FOUND
- Source citation: Work cat.: (NUST): Warshi, Ramsha 34790, Impact of performance appraisal system on organizational Citizenship Behavior of Employees in IT Sector of Pakistan /, 2017.
